000 00495nam a22001697a 4500
003 BD-ChCU
005 20260408091405.0
008 260408b bg ||||| |||| 00| 0 ben d
040 _cBD-ChCU
082 _a370.15 THE
100 _aThompson, George G. and others.
_921331
245 _aEducational psychology.
_cGeorge G. Thompson, and others.
260 _aNew York
_bAppleton-Century Crofts.
_c1959
300 _axx, 535p
650 0 _aEducational Psychology.
_921332
942 _2ddc
_cBK
_n0
999 _c112127
_d112127